000
00340nam a2200145Ia 4500
008
150201s2011 xx 000 0 und d
082
_a
603
_b
O11C
100
_a
CUTTS, MARTIN
245
_a
OXFORD GUIDE TO PLAIN ENGLISH
250
_a
10TH
260
_b
OXFORD
_a
DELHI
_c
2011
300
_a
1-202
650
_a
DICTIONARIES
942
_2
ddc
_c
BK
999
_c
1318
_d
1318